000 00196nam a22000977a 4500
003 SGT
245 _aJOURNAL OF AYURVEDA
260 _aMUMBAI
_bWOLTERS KLUWER
_c2022
310 _a1-4
942 _2ddc
_cBV
999 _c29457
_d29457